| 000 | 01282cam a2200373 a 4500 | ||
|---|---|---|---|
| 999 |
_c6806 _d6806 |
||
| 001 | 837973 | ||
| 003 | OSt | ||
| 005 | 20210310090736.0 | ||
| 008 | 971211s1998 xxu|||| |||| 00||0|eng | ||
| 010 | _a97-46904 | ||
| 020 | _a9780874349191 | ||
| 020 | _a0874349192 | ||
| 035 | _a(OCoLC)38083110 | ||
| 040 |
_aDNLM _cDNLM |
||
| 041 | 0 | _aeng | |
| 082 |
_aWY 18 _bH347a 1998 |
||
| 245 | 0 | 0 |
_aAmerican nursing review for medical-surgical nursing certification / _c[edited by] Phyllis F. Healy, Leona A. Mourad. |
| 246 | 3 | 0 | _aMedical-surgical nursing certification |
| 246 | 3 | _aMedical surgical nursing certification | |
| 250 | _a2nd ed. | ||
| 260 |
_aSpringhouse, Pa. : _bSpringhouse Corp., _c1998. |
||
| 300 | _avii, 358 p. | ||
| 336 |
_atext _btxt _2rdacontent |
||
| 337 |
_aunmediated _bn _2rdamedia |
||
| 338 |
_avolume _bnc _2rdacarrier |
||
| 504 | _aIncludes bibliographical references (p. [351] and index. | ||
| 650 | 1 | 2 |
_aNursing _0https://id.nlm.nih.gov/mesh/D009729 _9135 |
| 650 | 2 | 2 |
_aPerioperative Nursing _0https://id.nlm.nih.gov/mesh/D013527 _911739 |
| 655 | 2 |
_aOutline _0https://id.nlm.nih.gov/mesh/D020489 _913934 |
|
| 700 | 1 |
_aHealy, Phyllis F. _913935 |
|
| 700 | 1 |
_aMourad, Leona A. _913936 |
|
| 942 |
_2z _cO_SHELF |
||